00559nam a22001697a 450000500170000001000150001702000270003203500130005903700130007208200150008524500840010026000420018427000720022630000240029850000500032270000170037220140905104708.0 aENG-110746 a9788183874984c1100.00 aEN-94278 bDBAD/PUB a793.319542 aIncredible North India :cby S.P. Pandey... [et al]bfolk cultural traditions / aNew DelhibSerials Publicationsc2012 a4830/24, Prahlad Street, Ansari Road, Darya GanjbNew Delhie110002 aix,313p. c22cm(Hb) aIncludes bibliographical references and index aPandey, S.P.